00362nam a2200145Ia 4500003000400000005001700004008004100021020001800062040000900080082002200089100000900111245003000120260005800150300000800208OSt20210106104712.0190216s9999||||xx |||||||||||||| ||und|| a9788182642591 coclc a894.812301bRAV/H aRavi 0aHimsayalla Thettu /cRavi bMathrubhumi Printing & Publishing,aKozhikode:c2006. a66p